Sudden Death - Nachbarländer Albaniens - Statistiken

Allgemein
  • Dieses Quiz wurde 65 mal gespielt
  • Das Durchschnittsergebnis liegt bei 4 aus 6
Answers on the Grid
Answers color-coded by a green-red scale on the quiz's grid according to % correct below.
Albanien🇦🇱
Albanien🇦🇱
Griechenland🇬🇷
Montenegro🇲🇪
Kosovo🇽🇰
Nordmazedonien🇲🇰
Bulgarien🇧🇬
Serbien🇷🇸
Bosnien-Herzegowina🇧🇦
Kroatien🇭🇷
Rumänien🇷🇴
Moldau🇲🇩
Ungarn🇭🇺
Slowenien🇸🇮
Italien🇮🇹
Spanien🇪🇸
Frankreich🇫🇷
Deutschland🇩🇪
Portugal🇵🇹
Türkei🇹🇷
 
Antwortstatistiken
Antwort % Korrekt
Nordmazedonien🇲🇰
78%
Griechenland🇬🇷
76%
Montenegro🇲🇪
69%
Kosovo🇽🇰
62%
Albanien🇦🇱
51%
Albanien🇦🇱
49%
Keine übereinstimmenden Quizze gefunden
Verteilung der Resultate
Anzahl Personen mit jedem Resultat
Perzentil nach korrekt beantworteten Fragen
Ihre Resultats-Entwicklung
Sie haben dieses Quiz noch nicht gespielt